Bytový dom

Na minha lista:
Detalhes bibliográficos
Autor principal: Krška, Peter (Author)
Outros Autores: Juríček, Ivan (Thesis advisor)
Formato: Manuscrito Livro
Idioma:eslovaco
Publicado em: 2021
Assuntos:
Acesso em linha:http://is.stuba.sk/zp/portal_zp.pl?podrobnosti=149926
https://opac.crzp.sk/?fn=detailBiblioForm&sid=C3156EBF8AB965AD232FDCC699AC
Tags: Adicionar Tag
Sem tags, seja o primeiro a adicionar uma tag!

MARC

LEADER 00000ntm a22000003a 4500
001 stuzp85066
003 SK-STU
005 20230515092319.3
007 ta
008 150427s2015----xo-----f-mn---000-0-slo-d
040 |a STU  |b slo 
041 0 |a slo 
100 1 |a Krška, Peter  |u 010270  |4 aut  |U SvF Stavebná fakulta  |T SvF Katedra technológie stavieb  |X 98296  |U V270  |Y 28  |7 98296 
242 0 1 |a Residental house  |y eng 
245 1 0 |a Bytový dom 
260 |c 2021 
650 4 |a hydroizolácia  |2 slo 
650 4 |a plochá strecha  |2 slo 
650 4 |a bytový dom  |2 slo 
650 4 |a železobetón  |2 slo 
650 4 |a flat hosue  |2 eng 
650 4 |a reinforced concrete  |2 eng 
650 4 |a flat roof  |2 eng 
650 4 |a waterproofing  |2 eng 
700 1 |a Juríček, Ivan  |4 ths  |X 878  |7 A000000878 
856 4 |u http://is.stuba.sk/zp/portal_zp.pl?podrobnosti=149926 
856 4 |u https://opac.crzp.sk/?fn=detailBiblioForm&sid=C3156EBF8AB965AD232FDCC699AC